[Event "Niederbayernliga 1011"]
[Site "Germany"]
[Date "2011.02.27"]
[Round "7.5"]
[White "Wiedmann, Klaus"]
[Black "Kiendl, Thomas"]
[Result "1-0"]
[WhiteElo "1915"]
[BlackElo "1818"]
[PlyCount "71"]
[EventDate "2010.10.10"]
[EventType "team-tourn"]
[EventRounds "9"]
[EventCountry "GER"]
[SourceTitle "EXT 2012"]
[Source "ChessBase"]
[SourceDate "2011.11.24"]
[SourceVersion "1"]
[SourceVersionDate "2011.11.24"]
[SourceQuality "1"]
[WhiteTeam "Rottal II"]
[BlackTeam "Geiselhoering"]
[WhiteTeamCountry "GER"]
[BlackTeamCountry "GER"]

1. e4 e6 2. d4 d5 3. Nc3 Bb4 4. Bd2 c5 5. Bb5+ Bd7 6. exd5 cxd4 7. dxe6 Qe7 8. Nd5 Qxe6+ 9. Qe2 Bd6 10. Bc4 Qxe2+ 11. Nxe2 Nc6 12. 0-0-0 Ne5 13. Bb3 d3 14. Nec3 dxc2 15. Bxc2 0-0-0 16. Bf4 Bb8 17. Rhe1 Nc6 18. Ne4 Be6 19. Bxb8 Kxb8 20. Ndc3 Nge7 21. Ng5 Nd4 22. Nxe6 fxe6 23. Be4 Rhf8 24. f3 h6 25. Ne2 e5 26. Nxd4 exd4 27. Bxb7 Nf5 28. Be4 Ne3 29. Rd2 Nc4 30. Rc2 Ne3 31. Rc5 Rf7 32. g3 a6 33. Kd2 Rd6 34. Rec1 Rb6 35. Rc8+ Ka7 36. Ra8# 1-0

[Event "Niederbayern-ch MK 50th"]
[Site "Teisnach"]
[Date "2009.??.??"]
[Round "4"]
[White "Kiendl, Thomas"]
[Black "Heyne, Martin"]
[Result "1/2-1/2"]
[WhiteElo "1823"]
[BlackElo "2166"]
[PlyCount "89"]
[EventDate "2009.??.??"]
[EventType "swiss"]
[EventRounds "7"]
[EventCountry "GER"]
[SourceTitle "EXT 2011"]
[Source "ChessBase"]
[SourceDate "2010.11.26"]
[SourceVersion "1"]
[SourceVersionDate "2010.11.26"]
[SourceQuality "1"]

1. d4 f5 2. g3 Nf6 3. Bg2 g6 4. Nf3 Bg7 5. 0-0 0-0 6. c4 d6 7. Nc3 c6 8. d5 e5 9. dxe6 Bxe6 10. Qd3 Na6 11. Bf4 Ne8 12. Ng5 Nc5 13. Nxe6 Nxd3 14. Nxd8 Nxf4 15. gxf4 Rxd8 16. Rac1 Nc7 17. Rfd1 a5 18. a3 Na6 19. Rc2 Kf7 20. Rb1 Bxc3 21. Rxc3 a4 22. b4 axb3 23. Rcxb3 Nc5 24. Rxb7+ Nxb7 25. Rxb7+ Kf6 26. Bxc6 Rf7 27. Rxf7+ Kxf7 28. a4 Rb8 29. a5 Rb1+ 30. Kg2 Ra1 31. e3 Rxa5 32. Kf3 Ra1 33. Bd5+ Kf6 34. Kg2 Rc1 35. Bg8 h6 36. Bd5 Rc2 37. Bg8 g5 38. fxg5+ hxg5 39. Kf3 Ke5 40. Bd5 Rc3 41. Bg8 f4 42. Bd5 fxe3 43. fxe3 Rc2 44. h3 Rd2 45. Kg4 1/2-1/2

[Event "Niederbayern-ch MK 50th"]
[Site "Teisnach"]
[Date "2009.??.??"]
[Round "2"]
[White "Kiendl, Thomas"]
[Black "Zepke, Armin"]
[Result "0-1"]
[WhiteElo "1823"]
[BlackElo "1969"]
[PlyCount "56"]
[EventDate "2009.??.??"]
[EventType "swiss"]
[EventRounds "7"]
[EventCountry "GER"]
[SourceTitle "EXT 2011"]
[Source "ChessBase"]
[SourceDate "2010.11.26"]
[SourceVersion "1"]
[SourceVersionDate "2010.11.26"]
[SourceQuality "1"]

1. d4 d5 2. c4 c6 3. cxd5 cxd5 4. Nf3 Nf6 5. Bf4 Nc6 6. Nc3 Bf5 7. e3 e6 8. Ne5 Nd7 9. Nxd7 Qxd7 10. a3 Be7 11. Be2 0-0 12. 0-0 Rfc8 13. Rc1 Na5 14. Qa4 Qxa4 15. Nxa4 Nc4 16. Bxc4 dxc4 17. Nc3 Bd3 18. Rfd1 Rd8 19. Ra1 Rd7 20. b3 Bc2 21. bxc4 Bxd1 22. Nxd1 Rc8 23. Nb2 Bd6 24. Bxd6 Rxd6 25. c5 Rdd8 26. Nd3 b6 27. Rb1 bxc5 28. Nxc5 e5 0-1

[Event "Niederbayernliga 0809"]
[Site "Germany"]
[Date "2008.10.26"]
[Round "2.6"]
[White "Kiendl, Thomas"]
[Black "Benicke, Bernd"]
[Result "1/2-1/2"]
[WhiteElo "1648"]
[BlackElo "1803"]
[PlyCount "24"]
[EventDate "2008.10.05"]
[EventType "tourn"]
[EventRounds "9"]
[EventCountry "GER"]
[SourceTitle "EXT 2010"]
[Source "ChessBase"]
[SourceDate "2010.11.25"]
[SourceVersion "1"]
[SourceVersionDate "2010.11.25"]
[SourceQuality "1"]
[WhiteTeam "Geiselhoering"]
[BlackTeam "Bayerwald"]
[WhiteTeamCountry "GER"]
[BlackTeamCountry "GER"]

1. d4 Nf6 2. c4 g6 3. Nc3 d5 4. Nf3 Bg7 5. Bf4 c6 6. e3 0-0 7. Qb3 e6 8. Bd3 Nbd7 9. h3 dxc4 10. Bxc4 Nb6 11. Be2 Nbd5 12. Be5 Qa5 1/2-1/2

[Event "Niederbayern-ch MK 49th"]
[Site "Vilshofen"]
[Date "2008.??.??"]
[Round "4"]
[White "Westenthanner, Paul"]
[Black "Kiendl, Thomas"]
[Result "0-1"]
[WhiteElo "1381"]
[BlackElo "1650"]
[PlyCount "90"]
[EventDate "2008.??.??"]
[EventType "swiss"]
[EventRounds "7"]
[EventCountry "GER"]
[SourceTitle "EXT 2010"]
[Source "ChessBase"]
[SourceDate "2010.11.25"]
[SourceVersion "1"]
[SourceVersionDate "2010.11.25"]
[SourceQuality "1"]

1. d4 f5 2. Nc3 Nf6 3. e3 g6 4. Nf3 Bg7 5. Bc4 e6 6. 0-0 0-0 7. Bd2 d6 8. Re1 h6 9. e4 fxe4 10. Nh4 Kh7 11. g3 d5 12. Be2 Ne8 13. Be3 Nd6 14. f3 Nf5 15. Nxf5 exf5 16. fxe4 fxe4 17. Rf1 Be6 18. Qd2 Nc6 19. a3 Qd7 20. Rf2 Rxf2 21. Bxf2 Qf7 22. Be3 Bh3 23. Bf1 Bg4 24. Bg2 Bf3 25. Rf1 Rf8 26. Ne2 g5 27. b4 a6 28. c3 Qh5 29. Nc1 Bxg2 30. Rxf8 Bxf8 31. Kxg2 Qf3+ 32. Kg1 Bd6 33. Qe2 g4 34. Qxf3 gxf3 35. Nb3 Na7 36. a4 Nc8 37. Na5 Nb6 38. Nxb7 Nxa4 39. Nxd6 cxd6 40. Bd2 Nb2 41. Kf2 Nd1+ 42. Ke1 f2+ 43. Ke2 e3 44. Bxe3 Nxe3 45. Kxf2 Nd1+ 0-1

[Event "Niederbayernliga 0607"]
[Site "Germany"]
[Date "2007.??.??"]
[Round "9.5"]
[White "Waechter, Wolfgang"]
[Black "Kiendl, Thomas"]
[Result "0-1"]
[WhiteElo "1716"]
[BlackElo "1640"]
[PlyCount "73"]
[EventDate "2006.??.??"]
[EventType "team-tourn"]
[EventRounds "9"]
[EventCountry "GER"]
[SourceTitle "EXT 2008"]
[Source "ChessBase"]
[SourceDate "2007.11.25"]
[SourceVersion "1"]
[SourceVersionDate "2007.11.25"]
[SourceQuality "1"]
[WhiteTeam "Kauflanden"]
[BlackTeam "Geiselhoering"]
[WhiteTeamCountry "GER"]
[BlackTeamCountry "GER"]

1. e4 c5 2. Nf3 d6 3. d4 cxd4 4. Nxd4 Nf6 5. Nc3 a6 6. Be2 e6 7. 0-0 Be7 8. f4 Qc7 9. Kh1 Nbd7 10. Bf3 Rb8 11. Nde2 b5 12. Ng3 Bb7 13. a3 Nb6 14. Rb1 Nc4 15. Qe2 Nxa3 16. bxa3 Qxc3 17. Bb2 Qc7 18. e5 dxe5 19. fxe5 Nd7 20. Nh5 0-0 21. Rbe1 Rbc8 22. Bxb7 Qxb7 23. Qg4 g6 24. Nf6+ Nxf6 25. exf6 Bd6 26. Qg5 Rxc2 27. Rf3 Rfc8 28. Bd4 Qd5 29. Qh6 Bf8 30. Qe3 R8c4 31. Ba1 Qd2 32. Qxd2 Rxd2 33. Bc3 Rc2 34. Bb4 Rc1 35. Rfe3 Bxb4 36. axb4 Rxe1+ 37. Rxe1 0-1

[Event "Niederbayernliga 0506"]
[Site "Germany"]
[Date "2006.??.??"]
[Round "5"]
[White "Kiendl, Thomas"]
[Black "Endler, Johannes"]
[Result "1/2-1/2"]
[WhiteElo "1651"]
[BlackElo "1777"]
[PlyCount "137"]
[EventDate "2005.??.??"]
[EventType "team-tourn"]
[EventRounds "9"]
[EventCountry "GER"]
[SourceTitle "EXT 2008"]
[Source "ChessBase"]
[SourceDate "2007.11.25"]
[SourceVersion "1"]
[SourceVersionDate "2007.11.25"]
[SourceQuality "1"]
[WhiteTeam "Geiselhoering"]
[BlackTeam "Simbach"]
[WhiteTeamCountry "GER"]
[BlackTeamCountry "GER"]

1. d4 e6 2. c4 c5 3. d5 exd5 4. cxd5 d6 5. Nc3 Nf6 6. e4 a6 7. a4 Be7 8. Nf3 Bg4 9. Be2 Nbd7 10. 0-0 0-0 11. Be3 Re8 12. Qc2 Bf8 13. Bg5 h6 14. Bh4 Rb8 15. Rfe1 Bh5 16. Rab1 Bg6 17. Bd3 Qc7 18. Nd2 Be7 19. f3 Nh5 20. Bf2 Ne5 21. Bf1 Qd7 22. Nc4 Nxc4 23. Bxc4 b5 24. axb5 axb5 25. Bd3 Nf4 26. b3 Nxd3 27. Qxd3 Bf6 28. Bg3 Rec8 29. Rec1 Rb7 30. Rc2 Ra8 31. Ra2 Rxa2 32. Nxa2 b4 33. Nc1 Be7 34. f4 Ra7 35. Qc4 Bf6 36. Nd3 Bd4+ 37. Bf2 Bxe4 38. Bxd4 Qg4 39. Rb2 Ra1+ 40. Nc1 Qd1+ 41. Kf2 Qxd4+ 42. Qxd4 cxd4 43. Ne2 d3 44. Nd4 Rc1 45. g3 Rc2+ 46. Rxc2 dxc2 47. Ne2 Bxd5 48. Nc1 f5 49. Ke3 Kf7 50. Kd3 Be4+ 51. Kc4 d5+ 52. Kxb4 d4 53. Kc4 d3 54. Kc3 Ke6 55. Kd2 Kd5 56. Kc3 Kc5 57. Na2 h5 58. h3 g6 59. h4 Kb5 60. Kd2 Kc6 61. Kc3 Kc5 62. Nc1 Kd5 63. Na2 Kc5 64. Nc1 Kb6 65. Na2 Kb5 66. Nc1 Ka5 67. Na2 Bd5 68. Nc1 Be4 69. Na2 1/2-1/2

[Event "Niederbayernliga 0607"]
[Site "Germany"]
[Date "2006.??.??"]
[Round "2.5"]
[White "Kiendl, Thomas"]
[Black "Oberberger, Hans"]
[Result "1/2-1/2"]
[WhiteElo "1640"]
[BlackElo "1651"]
[PlyCount "114"]
[EventDate "2006.??.??"]
[EventType "team-tourn"]
[EventRounds "9"]
[EventCountry "GER"]
[SourceTitle "EXT 2008"]
[Source "ChessBase"]
[SourceDate "2007.11.25"]
[SourceVersion "1"]
[SourceVersionDate "2007.11.25"]
[SourceQuality "1"]
[WhiteTeam "Geiselhoering"]
[BlackTeam "Deggendorf II"]
[WhiteTeamCountry "GER"]
[BlackTeamCountry "GER"]

1. d4 Nf6 2. c4 e6 3. Nf3 Be7 4. Nc3 0-0 5. Bg5 d5 6. e3 c6 7. Rc1 Re8 8. Bd3 Nbd7 9. 0-0 Nf8 10. h3 N6d7 11. Bxe7 Qxe7 12. a3 Ng6 13. b4 dxc4 14. Bxc4 e5 15. Qb3 Nb6 16. Bd3 exd4 17. Nxd4 Ne5 18. Be2 Bd7 19. Rfd1 Rad8 20. Rc2 Be6 21. Nxe6 Rxd1+ 22. Nxd1 Qxe6 23. Qxe6 Rxe6 24. Nb2 Rd6 25. Kf1 Kf8 26. Rc3 Ke7 27. Nd3 Nxd3 28. Rxd3 h6 29. Ke1 Rxd3 30. Bxd3 Kd6 31. Kd2 Nd7 32. f4 c5 33. h4 Kd5 34. Kc3 cxb4+ 35. axb4 f6 36. e4+ Kd6 37. g4 Nf8 38. Kc4 Nd7 39. Kd4 b6 40. b5 Ke6 41. Bc4+ Kd6 42. Be2 Ke6 43. g5 Kd6 44. gxf6 gxf6 45. Bg4 Nc5 46. e5+ fxe5+ 47. fxe5+ Ke7 48. Be2 Ne6+ 49. Ke4 Ng7 50. Bg4 Kf7 51. Kd5 Ke7 52. Kc6 Kd8 53. Kb7 Ne8 54. Kxa7 Kc7 55. e6 Nd6 56. Ka6 Nc8 57. Bf3 Ne7 1/2-1/2

[Event "Niederbayernliga 0506"]
[Site "Germany"]
[Date "2006.??.??"]
[Round "9"]
[White "Koenigl, Anton"]
[Black "Kiendl, Thomas"]
[Result "1-0"]
[WhiteElo "1792"]
[BlackElo "1651"]
[PlyCount "111"]
[EventDate "2005.??.??"]
[EventType "team-tourn"]
[EventRounds "9"]
[EventCountry "GER"]
[SourceTitle "EXT 2008"]
[Source "ChessBase"]
[SourceDate "2007.11.25"]
[SourceVersion "1"]
[SourceVersionDate "2007.11.25"]
[SourceQuality "1"]
[WhiteTeam "Ergolding"]
[BlackTeam "Geiselhoering"]
[WhiteTeamCountry "GER"]
[BlackTeamCountry "GER"]

1. e4 c5 2. Nf3 d6 3. d4 cxd4 4. Nxd4 Nf6 5. Nc3 a6 6. Be2 e6 7. 0-0 Be7 8. Be3 0-0 9. h3 b5 10. a3 Qc7 11. Rc1 Bb7 12. Bd3 Nbd7 13. Qe2 d5 14. exd5 Nxd5 15. Nxd5 Bxd5 16. c4 bxc4 17. Bxc4 Qb7 18. Bxd5 Qxd5 19. Nc6 Bf6 20. Rfd1 Qb3 21. Rxd7 Qxb2 22. Qxb2 Bxb2 23. Rc2 Bxa3 24. Bc5 Bxc5 25. Rxc5 Rfe8 26. Ne7+ Kf8 27. Rcc7 Rad8 28. Nc6 Rxd7 29. Rxd7 Ra8 30. Na5 Ke8 31. Rc7 Kf8 32. Kh2 g6 33. Kg3 Kg7 34. Rc5 Rb8 35. Rc6 Ra8 36. Rb6 Ra7 37. Kf4 Kf6 38. g4 g5+ 39. Ke4 h6 40. f3 Ra8 41. Rb4 Rc8 42. Nc4 Rc5 43. Ra4 Ke7 44. Ne5 f6 45. Nd3 Rc6 46. Ke3 Kf7 47. Ra5 Kg6 48. Nb4 Rc3+ 49. Kf2 Rc4 50. Nxa6 h5 51. Rc5 Rf4 52. Nc7 hxg4 53. hxg4 Kf7 54. Rc6 e5 55. Nd5 Rd4 56. Nxf6 1-0

[Event "Niederbayernliga 0506"]
[Site "Germany"]
[Date "2005.??.??"]
[Round "3"]
[White "Kiendl, Thomas"]
[Black "Angermeier, Gerhard"]
[Result "1/2-1/2"]
[WhiteElo "1651"]
[BlackElo "1720"]
[PlyCount "60"]
[EventDate "2005.??.??"]
[EventType "team-tourn"]
[EventRounds "9"]
[EventCountry "GER"]
[SourceTitle "EXT 2008"]
[Source "ChessBase"]
[SourceDate "2007.11.25"]
[SourceVersion "1"]
[SourceVersionDate "2007.11.25"]
[SourceQuality "1"]
[WhiteTeam "Geiselhoering"]
[BlackTeam "Eggenfelden"]
[WhiteTeamCountry "GER"]
[BlackTeamCountry "GER"]

1. d4 d5 2. c4 c6 3. cxd5 cxd5 4. Nf3 Nc6 5. Nc3 Nf6 6. Bf4 e6 7. e3 Bd6 8. Bxd6 Qxd6 9. a3 0-0 10. Bd3 e5 11. Nb5 Qb8 12. dxe5 Nxe5 13. Nxe5 Qxe5 14. Nd4 Re8 15. 0-0 Kh8 16. h3 Bd7 17. Qb3 Rab8 18. Rac1 Qg5 19. Nf3 Qh5 20. Be2 Kg8 21. Rc7 Bxh3 22. gxh3 Qxh3 23. Nh2 Re5 24. Rxb7 Rg5+ 25. Bg4 Rxg4+ 26. Nxg4 Qxg4+ 27. Kh1 Qh3+ 28. Kg1 Qg4+ 29. Kh2 Qh4+ 30. Kg2 Qg4+ 1/2-1/2